[Event "TCh-RUS Women 2020"]
[Site "Sochi RUS"]
[Date "2020.11.23"]
[Round "5.3"]
[Board "2"]
[White "Lysenko, Margarita"]
[Black "Gritsayeva, Oksana"]
[Result "1-0"]
[WhiteTitle "WFM"]
[BlackTitle "WFM"]
[WhiteElo "2237"]
[BlackElo "2351"]
[WhiteTeam "Moskovskaya oblast"]
[BlackTeam "Kimmeriya (Respublika Krym)"]
[WhiteFideId "34100200"]
[BlackFideId "14104652"]
[EventDate "2020.11.19"]

1. d4 Nf6 2. c4 e6 3. Nc3 Bb4 4. e3 O-O 5. Ne2 Re8 6. a3 Bf8 7. g3 d5 8. cxd5
exd5 9. Bg2 c6 10. O-O a5 11. Qc2 g6 12. f3 Bg7 13. h3 Na6 14. e4 Be6 15. Be3
dxe4 16. fxe4 Bc4 17. Bf2 Nc7 18. Rfe1 Ne6 19. Rad1 Ng5 20. Nf4 Ne6 21. Nxe6
Bxe6 22. Na4 Nd7 23. Nc3 Qg5 24. d5 cxd5 25. exd5 Bf5 26. Qb3 Ne5 27. Ne4 Bxe4
28. Rxe4 f5 29. Re2 a4 30. Qb4 Rf8 31. d6 f4 32. gxf4 Qh5 33. Kf1 Nf3 34. Qe4
Nh4 35. Qd5+ Qxd5 36. Bxd5+ Kh8 37. Bxh4 Rxf4+ 38. Bf2 Raf8 39. d7 1-0

[Event "TCh-RUS Women 2020"]
[Site "Sochi RUS"]
[Date "2020.11.23"]
[Round "5.3"]
[Board "3"]
[White "Tomilova, Elena"]
[Black "Sudakova, Irina"]
[Result "0-1"]
[WhiteTitle "WGM"]
[BlackTitle "WGM"]
[WhiteElo "2358"]
[BlackElo "2288"]
[WhiteTeam "Kimmeriya (Respublika Krym)"]
[BlackTeam "Moskovskaya oblast"]
[WhiteFideId "4162340"]
[BlackFideId "4129903"]
[EventDate "2020.11.19"]

1. d4 d5 2. c4 e6 3. Nf3 Nf6 4. Nc3 dxc4 5. e3 a6 6. a4 Bb4 7. Bxc4 c5 8. O-O
Nc6 9. Qe2 O-O 10. Rd1 Qc7 11. d5 exd5 12. Nxd5 Nxd5 13. Bxd5 Bg4 14. h3 Bh5 15.
Bd2 Rad8 16. Bc3 Nd4 17. Rxd4 cxd4 18. Bxb4 Rxd5 19. Bxf8 d3 20. Qd1 Kxf8 21. g4
Bg6 22. Rc1 Qd7 23. Nd2 h5 24. f4 f6 25. Qf3 Bf7 26. b3 Rd6 27. f5 Bd5 28. Qf4
Rc6 29. Rf1 Rc2 30. e4 Bc6 31. Rf2 h4 32. g5 fxg5 33. Qb8+ Kf7 34. e5 Qd5 35.
e6+ Ke7 36. Qc7+ Kf6 37. Qf7+ Ke5 38. Qxg7+ Kd6 39. Qf8+ Kc7 40. Qg7+ Kb6 41.
a5+ Ka7 42. Nf3 Rxf2 43. Qd4+ Qxd4 44. Nxd4 Rf4 0-1

[Event "TCh-RUS Women 2020"]
[Site "Sochi RUS"]
[Date "2020.11.23"]
[Round "5.3"]
[Board "4"]
[White "Smirnova, Ekaterina"]
[Black "Potapova, Margarita"]
[Result "1/2-1/2"]
[WhiteTitle "WIM"]
[BlackTitle "WIM"]
[WhiteElo "2239"]
[BlackElo "2266"]
[WhiteTeam "Moskovskaya oblast"]
[BlackTeam "Kimmeriya (Respublika Krym)"]
[WhiteFideId "4110943"]
[BlackFideId "14126869"]
[EventDate "2020.11.19"]

1. d4 Nf6 2. c4 e6 3. Nf3 b6 4. a3 Bb7 5. Nc3 d5 6. cxd5 Nxd5 7. Qc2 Nxc3 8.
bxc3 c5 9. e4 Nd7 10. Bd3 Qc7 11. Qb2 Be7 12. O-O O-O 13. Bd2 Rfd8 14. Rac1 Rac8
15. Bb1 Nb8 16. Ne5 Nc6 17. Nxc6 Qxc6 18. Rfd1 Qd6 19. dxc5 Qxc5 20. a4 Qa3 21.
Qc2 Bc6 22. e5 g6 23. Be3 Bxa4 24. Rxd8+ Rxd8 25. Qe2 Qxc1+ 26. Bxc1 Rd1+ 27.
Qxd1 Bxd1 28. Ba2 Be2 29. Be3 Bc5 30. Bxc5 bxc5 31. f4 h6 32. Kf2 Bb5 33. h4 g5
34. fxg5 hxg5 35. hxg5 Kg7 36. Bb1 a5 37. Ke3 a4 38. Kd2 Bc4 39. Kc1 a3 40. Bc2
Kf8 41. g3 Ke7 42. Kb1 Kd7 43. Ba4+ Ke7 44. Bc2 Kf8 45. Ka1 Ke8 46. Ba4+ Kd8 47.
Bc2 1/2-1/2

[Event "TCh-RUS Women 2020"]
[Site "Sochi RUS"]
[Date "2020.11.23"]
[Round "5.4"]
[Board "1"]
[White "Zherebtsova, Alexandra"]
[Black "Afonasieva, Anna"]
[Result "1-0"]
[WhiteTitle "WFM"]
[BlackTitle "WIM"]
[WhiteElo "2204"]
[BlackElo "2316"]
[WhiteTeam "Amazonki QDDA (Kurskaya oblast)"]
[BlackTeam "Achimgaz QNAO (QNAO)"]
[WhiteFideId "24129518"]
[BlackFideId "24173606"]
[EventDate "2020.11.19"]

1. d4 d5 2. c4 c6 3. cxd5 cxd5 4. Bf4 Nf6 5. Nc3 Nc6 6. e3 Bf5 7. Qb3 Na5 8.
Bb5+ Bd7 9. Qc2 e6 10. Bd3 Rc8 11. Nf3 Bb4 12. O-O O-O 13. Rfc1 h6 14. h3 Qe7
15. Ne5 a6 16. Qe2 b5 17. Nd1 Bd6 18. f3 Rxc1 19. Rxc1 Rc8 20. Rxc8+ Bxc8 21.
Qc2 Bb7 22. b3 Nd7 23. Bh7+ Kf8 24. Nxd7+ Qxd7 25. Bxd6+ Qxd6 26. Bd3 Nc6 27. f4
Ke7 28. Be2 f5 29. Nf2 g5 30. g3 gxf4 31. gxf4 Kd7 32. Nd3 Qe7 33. Nc5+ Kc7 34.
a4 bxa4 35. bxa4 a5 36. Bb5 Ba8 37. Qg2 Qf7 38. Qg3 Nb4 39. Bd7 Qh5 40. Bxe6
Qd1+ 41. Kg2 Nc2 42. Qf2 Qc1 43. Kf3 Qd1+ 44. Kg3 Qc1 45. Bxf5 Nxe3 46. Bd3 Bc6
47. Kf3 Nc4 48. f5 Be8 49. f6 Kc6 50. Kg2 Bf7 51. Kh2 Qg5 52. Bf5 Nd2 53. Bd7+
Kb6 54. Bg4 Ka7 55. Qf5 Qxf5 56. Bxf5 Nf3+ 57. Kg3 Nxd4 58. Kf4 Ne2+ 59. Ke3 Nc3
60. Kd4 Ne2+ 61. Ke5 d4 62. Be6 Bxe6 63. Kxe6 Nf4+ 64. Kf5 Nd5 65. f7 Ne7+ 66.
Kf6 Nd5+ 67. Ke5 Ne7 68. Kf6 Nd5+ 69. Kg7 1-0

[Event "TCh-RUS Women 2020"]
[Site "Sochi RUS"]
[Date "2020.11.23"]
[Round "5.4"]
[Board "2"]
[White "Semenova, Elena1"]
[Black "Doroshenko, Diana"]
[Result "1-0"]
[WhiteTitle "WIM"]
[BlackTitle "WIM"]
[WhiteElo "2299"]
[BlackElo "2204"]
[WhiteTeam "Achimgaz QNAO (QNAO)"]
[BlackTeam "Amazonki QDDA (Kurskaya oblast)"]
[WhiteFideId "24125148"]
[BlackFideId "4176766"]
[EventDate "2020.11.19"]

1. e4 e6 2. d4 d5 3. Nc3 Nf6 4. Bg5 Be7 5. e5 Nfd7 6. h4 a6 7. Qg4 Bxg5 8. hxg5
c5 9. dxc5 Nxe5 10. Qg3 Nbc6 11. O-O-O Ng6 12. Ne4 Qa5 13. Nd6+ Kf8 14. Bd3 Qxc5
15. Bxg6 fxg6 16. Qf4+ Ke7 17. Ne4 Qb4 18. Qc7+ Bd7 19. Nc3 Rac8 20. Qg3 Rcf8
21. Nge2 Qd6 22. f4 Kd8 23. Qe3 Qb4 24. a3 Qd6 25. g3 Kc8 26. Nd4 Na5 27. Nf3
Nc4 28. Qd4 Qb6 29. Qxb6 Nxb6 30. Ne5 Bc6 31. Ne2 Nd7 32. Nxc6 bxc6 33. Nd4 e5
34. Nxc6 exf4 35. gxf4 Rxf4 36. Ne7+ Kb7 37. Nxg6 hxg6 38. Rxh8 Rf5 39. Rg1 Ne5
40. Rg8 Kc6 41. Rxg7 Kc5 42. Rc7+ Kb5 43. b3 a5 44. Rg3 a4 45. Rgc3 d4 46. bxa4+
Kb6 47. a5+ Ka6 48. Rb3 Rxg5 49. Rc8 Ka7 50. a4 Rf5 51. Rb5 g5 52. Rcc5 Rf1+ 53.
Kd2 Ng4 54. Rc7+ Ka6 55. Rc6+ Ka7 56. Rxg5 Ne3 57. Rg7+ Kb8 58. a6 Rf8 59. Rcc7 1-0

[Event "TCh-RUS Women 2020"]
[Site "Sochi RUS"]
[Date "2020.11.23"]
[Round "5.4"]
[Board "3"]
[White "Khokhlova, Daria"]
[Black "Vasilevich, Irina"]
[Result "1/2-1/2"]
[BlackTitle "IM"]
[WhiteElo "2196"]
[BlackElo "2258"]
[WhiteTeam "Amazonki QDDA (Kurskaya oblast)"]
[BlackTeam "Achimgaz QNAO (QNAO)"]
[WhiteFideId "24182729"]
[BlackFideId "4141296"]
[EventDate "2020.11.19"]

1. d4 b6 2. e4 Bb7 3. Bd3 e6 4. Nd2 g6 5. Ne2 Bg7 6. c3 Ne7 7. O-O O-O 8. Ng3 c5
9. Nf3 Nbc6 10. Bb1 d6 11. Be3 cxd4 12. cxd4 Rc8 13. Qe2 Rc7 14. a3 Qc8 15. Bd3
Re8 16. Rfd1 Qa8 17. Rac1 Rec8 18. Rc2 Nb8 19. Rxc7 Rxc7 20. Bf4 Rd7 21. Bb5 Bc6
22. Bxc6 Nbxc6 23. d5 exd5 24. exd5 Ne5 25. Nxe5 dxe5 26. Bxe5 Rxd5 27. Bxg7
Kxg7 28. Rxd5 Nxd5 29. Qe4 Qc6 30. h3 h5 31. Ne2 Qd7 32. Qe5+ Nf6 33. Nc3 Qc6
34. a4 a5 35. Qd4 Kh7 36. f3 Qe6 37. Kf2 Qc6 38. Kg1 Qe6 39. Kf2 Qc6 40. Kg1 Qe6
41. Kf2 1/2-1/2

[Event "TCh-RUS Women 2020"]
[Site "Sochi RUS"]
[Date "2020.11.23"]
[Round "5.4"]
[Board "4"]
[White "Mikheeva, Galina"]
[Black "Mukhina, Jana"]
[Result "0-1"]
[WhiteTitle "WFM"]
[BlackTitle "WFM"]
[WhiteElo "1943"]
[BlackElo "2012"]
[WhiteTeam "Achimgaz QNAO (QNAO)"]
[BlackTeam "Amazonki QDDA (Kurskaya oblast)"]
[WhiteFideId "44108320"]
[BlackFideId "34115428"]
[EventDate "2020.11.19"]

1. e4 c6 2. d4 d5 3. e5 c5 4. dxc5 e6 5. a3 Bxc5 6. b4 Bf8 7. Bb2 a5 8. b5 Bc5
9. Qg4 Bf8 10. Nf3 Nh6 11. Qf4 Qc7 12. Bd3 Nd7 13. O-O Nc5 14. Be2 Nf5 15. g4
Ne7 16. Nbd2 b6 17. Bd4 Ng6 18. Qe3 Be7 19. Rfc1 O-O 20. Bd3 Bb7 21. g5 Bd8 22.
h4 Ne7 23. h5 Nxd3 24. cxd3 Qd7 25. a4 Nf5 26. Qf4 Rc8 27. Bb2 Rxc1+ 28. Rxc1
Be7 29. Nd4 Rc8 30. N2f3 Rxc1+ 31. Qxc1 Bc5 32. Nxf5 exf5 33. d4 Be7 34. Kg2 Bc8
35. Qf4 Qc7 36. Qc1 Qc4 37. Qd1 f4 38. Bc1 Bg4 39. Bxf4 Bxh5 40. Kg3 Qc8 41. e6
Qxe6 42. Qc1 Qg4+ 43. Kh2 Qxf3 44. Qc8+ Bf8 45. Bd6 Qxf2+ 46. Kh3 Qf3+ 47. Kh2
Qe2+ 48. Kg3 Qg4+ 49. Qxg4 Bxg4 50. Bxf8 Kxf8 51. Kxg4 f6 52. Kf5 Kf7 0-1

[Event "TCh-RUS Women 2020"]
[Site "Sochi RUS"]
[Date "2020.11.23"]
[Round "5.5"]
[Board "1"]
[White "Kochukova, Anna"]
[Black "Grigorieva, Yulia"]
[Result "0-1"]
[WhiteTitle "WFM"]
[BlackTitle "WFM"]
[WhiteElo "2111"]
[BlackElo "2343"]
[WhiteTeam "Turbonasos (Voronezhskaya oblast)"]
[BlackTeam "SK Tolpar (Respublika Bashkortostan)"]
[WhiteFideId "24173932"]
[BlackFideId "34104868"]
[EventDate "2020.11.19"]

1. e4 e5 2. Nf3 Nc6 3. Bc4 Nf6 4. d3 Bc5 5. O-O O-O 6. c3 d5 7. exd5 Nxd5 8. Re1
Bg4 9. Nbd2 Nb6 10. h3 Bh5 11. Bb3 Qxd3 12. Nxe5 Qg3 13. Qxh5 Qxf2+ 14. Kh2 g6
15. Qf3 Qxe1 16. Bxf7+ Kg7 17. Nf1 Qxe5+ 18. Bf4 Qxf4+ 0-1

[Event "TCh-RUS Women 2020"]
[Site "Sochi RUS"]
[Date "2020.11.23"]
[Round "5.5"]
[Board "2"]
[White "Baiburina, Kamilla"]
[Black "Zhurova, Anna"]
[Result "1/2-1/2"]
[WhiteElo "1805"]
[BlackElo "2078"]
[WhiteTeam "SK Tolpar (Respublika Bashkortostan)"]
[BlackTeam "Turbonasos (Voronezhskaya oblast)"]
[WhiteFideId "34109584"]
[BlackFideId "54113075"]
[EventDate "2020.11.19"]

1. c4 Nf6 2. g3 e6 3. Bg2 d5 4. Nf3 d4 5. O-O c5 6. e3 Nc6 7. exd4 cxd4 8. d3
Bd6 9. Re1 O-O 10. Nbd2 e5 11. Ng5 Nd7 12. Nde4 Be7 13. f4 h6 14. Nf3 f5 15. Nf2
exf4 16. Bxf4 g5 17. Bc1 Nf6 18. a3 a5 19. Ne5 Nxe5 20. Rxe5 Qc7 21. Re1 Bd6 22.
Kh1 Bd7 23. Bd2 Bc6 24. Rg1 Kh8 25. b4 f4 26. gxf4 Bxf4 27. b5 Bxg2+ 28. Rxg2
Be3 29. Ng4 Nxg4 30. Qxg4 Rf4 31. Qe6 Qg7 32. Bxe3 dxe3 33. Re1 Raf8 34. Qxe3
Rf3 35. Qe4 R8f4 36. Qd5 Rf5 37. Re8+ Kh7 38. Qe4 Rf4 39. Qe3 Rf7 40. Re5 Qf6
41. Rg1 Rf1 42. Qe2 Rf2 43. Qe4+ Kg7 44. Re6 Qf3+ 45. Qxf3 R7xf3 46. Rd6 Re3 47.
c5 Ree2 48. Rc1 Rxh2+ 49. Kg1 Reg2+ 50. Kf1 Rb2 51. Kg1 Rhg2+ 52. Kh1 Rh2+ 1/2-1/2

[Event "TCh-RUS Women 2020"]
[Site "Sochi RUS"]
[Date "2020.11.23"]
[Round "5.5"]
[Board "3"]
[White "Shestakova, Ekaterina"]
[Black "Idrisova, Roza"]
[Result "1-0"]
[BlackTitle "WFM"]
[WhiteElo "1966"]
[BlackElo "1960"]
[WhiteTeam "Turbonasos (Voronezhskaya oblast)"]
[BlackTeam "SK Tolpar (Respublika Bashkortostan)"]
[WhiteFideId "34166383"]
[BlackFideId "4146662"]
[EventDate "2020.11.19"]

1. e4 c6 2. d4 d5 3. Nc3 a6 4. Nf3 Bg4 5. h3 Bxf3 6. Qxf3 e6 7. exd5 cxd5 8. Ne2
Nc6 9. c3 Nf6 10. Ng3 Bd6 11. Be2 Qc7 12. O-O O-O 13. Nh5 Ne4 14. Nf4 Na5 15.
Bd3 Qc6 16. Re1 Nf6 17. Nh5 Nxh5 18. Qxh5 f5 19. Bg5 Rae8 20. Re2 g6 21. Qf3 Bc7
22. Rae1 Qd6 23. g3 Qd7 24. Bf4 Bd8 25. h4 Nc6 26. Re3 Bf6 27. Qe2 Kf7 28. b4
Re7 29. b5 axb5 30. Bxb5 Ra8 31. a4 Qc8 32. Bd6 Re8 33. Qd1 Qd7 34. Be5 Bxe5 35.
Rxe5 Qd6 36. R5e3 Re7 37. Qd3 Na5 38. R3e2 Rc8 39. Qe3 Kg7 40. Kg2 Nc4 41. Qc1
Na3 42. Bd3 Nc4 43. h5 f4 44. h6+ Kxh6 45. gxf4 Kg7 46. f5 Rce8 47. fxg6 hxg6
48. Rh1 Rg8 49. Qg5 Kf8 50. Bxg6 Rxg6 51. Qxg6 Rf7 52. Rxe6 Rxf2+ 53. Kxf2 Qf4+
54. Kg2 Qd2+ 55. Kh3 Qxc3+ 56. Qg3 Qxd4 57. Rf1+ 1-0

[Event "TCh-RUS Women 2020"]
[Site "Sochi RUS"]
[Date "2020.11.23"]
[Round "5.6"]
[Board "1"]
[White "Elnikova, Milena"]
[Black "Goltseva, Ekaterina"]
[Result "0-1"]
[BlackTitle "FM"]
[WhiteElo "1435"]
[BlackElo "2306"]
[WhiteTeam "NIU BelGU (Belgorodskaya oblast)"]
[BlackTeam "FShNO (Nizhegorodskaya oblast)"]
[WhiteFideId "54151503"]
[BlackFideId "24173770"]
[EventDate "2020.11.19"]

1. e4 c5 2. d3 Nc6 3. Nd2 d6 4. g3 g6 5. Bg2 Bg7 6. Ngf3 e5 7. O-O Nge7 8. Re1
O-O 9. Nf1 h6 10. h4 f5 11. Bd2 Be6 12. Qc1 Kh7 13. N1h2 Qd7 14. Kh1 d5 15. exf5
gxf5 16. Ng1 d4 17. f4 Bd5 18. fxe5 Nxe5 19. Ngf3 Ng4 20. Kg1 Ng6 21. Bf4 Rae8
22. Qd2 Nxf4 23. gxf4 Ne3 24. Nf1 Nxg2 25. Qxg2 Bf6 26. Kh1 Rg8 27. Qh3 Rg4 28.
Nh2 Rxh4 29. Qf1 Rg8 30. Qf2 Qf7 31. Rg1 Rxh2+ 0-1

[Event "TCh-RUS Women 2020"]
[Site "Sochi RUS"]
[Date "2020.11.23"]
[Round "5.6"]
[Board "2"]
[White "Vifleemskaia, Svetlana"]
[Black "Gubernatorova, Lyudmila"]
[Result "1/2-1/2"]
[WhiteTitle "WFM"]
[WhiteElo "1911"]
[BlackElo "2200"]
[WhiteTeam "FShNO (Nizhegorodskaya oblast)"]
[BlackTeam "NIU BelGU (Belgorodskaya oblast)"]
[WhiteFideId "4129490"]
[BlackFideId "4123840"]
[EventDate "2020.11.19"]

1. d4 Nf6 2. c4 c5 3. d5 e6 4. Nc3 exd5 5. cxd5 d6 6. Nf3 g6 7. e4 Bg7 8. Be2
O-O 9. Nd2 Re8 10. O-O Na6 11. f3 Nc7 12. a4 Nd7 13. Nc4 Ne5 14. Ne3 Nd7 15. Nc4
Ne5 16. Ne3 Nd7 17. Nc4 Ne5 1/2-1/2

[Event "TCh-RUS Women 2020"]
[Site "Sochi RUS"]
[Date "2020.11.25"]
[Round "6.1"]
[Board "1"]
[White "Zherebtsova, Alexandra"]
[Black "Shuvalova, Polina"]
[Result "0-1"]
[WhiteTitle "WFM"]
[BlackTitle "IM"]
[WhiteElo "2204"]
[BlackElo "2454"]
[WhiteTeam "Amazonki QDDA (Kurskaya oblast)"]
[BlackTeam "FShM (Moskva)"]
[WhiteFideId "24129518"]
[BlackFideId "24171760"]
[EventDate "2020.11.19"]

1. d4 Nf6 2. c4 e6 3. Nc3 Bb4 4. e3 O-O 5. Ne2 d5 6. a3 Be7 7. cxd5 exd5 8. Nf4
c6 9. Bd3 a5 10. O-O Na6 11. Bd2 Nc7 12. f3 c5 13. Be1 Re8 14. Bf2 Bd6 15. dxc5
Bxc5 16. e4 Bxf2+ 17. Rxf2 dxe4 18. Nxe4 Bf5 19. Nxf6+ Qxf6 20. Nh5 Qg6 21. Bxf5
Qxf5 22. Ng3 Qb5 23. Rd2 Ne6 24. Qf1 Qb3 25. Ne4 Red8 26. Rad1 Rxd2 27. Rxd2 Rc8
28. Nc3 Qb6+ 29. Qf2 Rc5 30. Rd5 Kf8 31. Rxc5 Qxc5 32. Qxc5+ Nxc5 33. Kf1 Nd3
34. Nd1 Ke7 35. g3 Kd6 36. Ke2 Ne5 37. f4 Nc4 38. Kd3 Kc5 39. Kc3 Kd5 40. Kd3 b5
41. Nc3+ Kc6 42. Nd1 Kc5 43. Kc3 Kd5 44. Kd3 f5 45. Nc3+ Kc5 46. Nd1 g6 47. Kc3
Kd5 48. Kd3 h6 49. Nc3+ Kc5 50. Nd1 h5 51. Kc3 Kd5 52. Kd3 Kc5 53. Kc3 b4+ 54.
axb4+ axb4+ 55. Kd3 Kd5 56. b3 Na5 57. Ne3+ Kc5 58. Kc2 Nc6 59. Kd3 Nd4 60. Nc4
Nxb3 61. Ne5 Kb5 62. Nxg6 Nc5+ 63. Kc2 b3+ 64. Kb1 Kb4 65. Ne7 Ka3 66. Nd5 Ne4
67. Kc1 b2+ 68. Kc2 Ka2 0-1

[Event "TCh-RUS Women 2020"]
[Site "Sochi RUS"]
[Date "2020.11.25"]
[Round "6.1"]
[Board "2"]
[White "Kovalevskaya, Ekaterina"]
[Black "Doroshenko, Diana"]
[Result "1-0"]
[WhiteTitle "IM"]
[BlackTitle "WIM"]
[WhiteElo "2386"]
[BlackElo "2204"]
[WhiteTeam "FShM (Moskva)"]
[BlackTeam "Amazonki QDDA (Kurskaya oblast)"]
[WhiteFideId "4116704"]
[BlackFideId "4176766"]
[EventDate "2020.11.19"]

1. Nf3 Nf6 2. g3 c5 3. Bg2 Nc6 4. O-O e5 5. c4 d5 6. cxd5 Nxd5 7. Nc3 Nc7 8. d3
Be7 9. Nd2 Bd7 10. Nc4 f6 11. f4 b5 12. Ne3 Rc8 13. a4 a6 14. axb5 axb5 15. Ned5
Nxd5 16. Nxd5 O-O 17. Ra6 Nb8 18. Ra7 Bd6 19. Be3 Kh8 20. Qd2 exf4 21. Bxf4 Be6
22. Bxd6 Qxd6 23. Qf4 Qxf4 24. Nxf4 Bg4 25. h3 Bd7 26. Rc1 Rfe8 27. Kf2 Be6 28.
Rb7 Bd7 29. Ra7 Be6 30. Nxe6 Rxe6 31. Rb7 Rce8 32. Bf3 Nc6 33. Bxc6 Rxc6 34.
Rxb5 Rec8 35. b4 Re6 36. Rbxc5 Rce8 37. e4 g6 38. Rc8 Kg8 39. Rxe8+ Rxe8 40. b5
Rb8 41. Rb1 Kf7 42. b6 Rb7 43. Ke3 Ke7 44. Kd4 Kd6 45. Kc4 Kc6 46. d4 Rb8 47. b7 1-0

[Event "TCh-RUS Women 2020"]
[Site "Sochi RUS"]
[Date "2020.11.25"]
[Round "6.1"]
[Board "3"]
[White "Khokhlova, Daria"]
[Black "Voit, Daria"]
[Result "1-0"]
[BlackTitle "WGM"]
[WhiteElo "2196"]
[BlackElo "2353"]
[WhiteTeam "Amazonki QDDA (Kurskaya oblast)"]
[BlackTeam "FShM (Moskva)"]
[WhiteFideId "24182729"]
[BlackFideId "4182146"]
[EventDate "2020.11.19"]

1. d4 d5 2. c4 c6 3. Nf3 Nf6 4. e3 Bg4 5. Qb3 Qb6 6. Nc3 e6 7. Nh4 Nbd7 8. h3
Bh5 9. g4 Bg6 10. Nxg6 hxg6 11. Bg2 Qa6 12. cxd5 exd5 13. Bd2 Bd6 14. O-O-O Qb6
15. Qc2 Qc7 16. f3 Bb4 17. e4 dxe4 18. fxe4 O-O-O 19. e5 Bxc3 20. bxc3 Nd5 21.
c4 N5b6 22. Rhf1 f6 23. e6 Nb8 24. Bf4 Qe7 25. d5 Na6 26. Rfe1 Qa3+ 27. Kb1 Qb4+
28. Qb3 cxd5 29. Qxb4 Nxb4 30. a3 Nc6 31. cxd5 Ne5 32. Bxe5 fxe5 33. d6 Nc4 34.
Rc1 b5 35. Rxe5 a6 36. e7 Rxd6 37. e8=Q+ Rxe8 38. Rxe8+ Kd7 39. Ree1 Rf6 40.
Red1+ Ke7 41. Rxc4 bxc4 42. Kc2 Re6 43. Kc3 Re3+ 44. Kb4 Rb3+ 45. Ka4 Rc3 46.
Bf1 Kf6 47. Rd4 Rf3 48. Bxc4 Rxh3 49. Rd6+ 1-0

[Event "TCh-RUS Women 2020"]
[Site "Sochi RUS"]
[Date "2020.11.25"]
[Round "6.1"]
[Board "4"]
[White "Dordzhieva, Dinara"]
[Black "Mukhina, Jana"]
[Result "1-0"]
[WhiteTitle "WGM"]
[BlackTitle "WFM"]
[WhiteElo "2352"]
[BlackElo "2012"]
[WhiteTeam "FShM (Moskva)"]
[BlackTeam "Amazonki QDDA (Kurskaya oblast)"]
[WhiteFideId "24157570"]
[BlackFideId "34115428"]
[EventDate "2020.11.19"]

1. d4 Nf6 2. c4 g6 3. Nc3 Bg7 4. Nf3 O-O 5. e4 d6 6. Be2 e5 7. O-O Nc6 8. d5 Ne7
9. Bg5 h6 10. Bd2 Nh5 11. Re1 f5 12. Nh4 Nf6 13. exf5 g5 14. Ng6 Nxg6 15. fxg6
Bf5 16. Be3 Bxg6 17. Bd3 Bh5 18. Qd2 Ng4 19. Bc2 Nxe3 20. fxe3 Qe7 21. Qd3 Bh8
22. Rf1 a6 23. Qe4 Rxf1+ 24. Rxf1 Rf8 25. Rxf8+ Kxf8 26. Qf5+ Ke8 27. Qc8+ Qd8
28. Qe6+ 1-0

[Event "TCh-RUS Women 2020"]
[Site "Sochi RUS"]
[Date "2020.11.25"]
[Round "6.2"]
[Board "1"]
[White "Pogonina, Natalija"]
[Black "Protopopova, Anastasiya"]
[Result "1-0"]
[WhiteTitle "WGM"]
[BlackTitle "WFM"]
[WhiteElo "2475"]
[BlackElo "2267"]
[WhiteTeam "Yugra (KhMAO-Yugra)"]
[BlackTeam "Moskovskaya oblast"]
[WhiteFideId "4147855"]
[BlackFideId "24172073"]
[EventDate "2020.11.19"]

1. d4 Nf6 2. c4 e6 3. Nf3 b6 4. g3 Bb7 5. Bg2 Be7 6. O-O O-O 7. Re1 Na6 8. Nc3
d5 9. cxd5 exd5 10. Bf4 c5 11. Rc1 Nc7 12. e3 h6 13. Nh4 Qc8 14. Bxc7 Qxc7 15.
Nf5 Rfd8 16. dxc5 bxc5 17. Nxe7+ Qxe7 18. Na4 Rac8 19. Qc2 c4 20. Nc3 Ne4 21.
Rcd1 Qb4 22. Re2 Qa5 23. Rd4 Nxc3 24. bxc3 Rc5 25. Red2 Re8 26. h4 Re5 27. Rd1
Rb5 28. Rb1 Qb6 29. Rdd1 Bc6 30. Rxb5 Qxb5 31. Rb1 Qa5 32. Rb8+ Re8 33. Qb2 Rxb8
34. Qxb8+ Kh7 35. Qd6 Qb5 36. h5 Qb7 37. Kh2 Qa8 38. Bh3 Kg8 39. Qc7 a5 40. Bc8
Be8 41. Bb7 Qa7 42. Qc8 Kh7 43. Bxd5 Qe7 44. Qxc4 f5 45. Qc8 Bxh5 46. Qxf5+ Bg6
47. Qc8 Bf7 48. Qf5+ Bg6 49. Qe6 Qf8 50. Kg2 Bf5 51. Qf7 Qc8 52. c4 Bb1 53. a3
Bf5 54. c5 Bh3+ 55. Kh2 1-0

[Event "TCh-RUS Women 2020"]
[Site "Sochi RUS"]
[Date "2020.11.25"]
[Round "6.2"]
[Board "2"]
[White "Lysenko, Margarita"]
[Black "Girya, Olga"]
[Result "1/2-1/2"]
[WhiteTitle "WFM"]
[BlackTitle "WGM"]
[WhiteElo "2237"]
[BlackElo "2469"]
[WhiteTeam "Moskovskaya oblast"]
[BlackTeam "Yugra (KhMAO-Yugra)"]
[WhiteFideId "34100200"]
[BlackFideId "4195752"]
[EventDate "2020.11.19"]

1. d4 Nf6 2. c4 e6 3. Nf3 d5 4. Nc3 Bb4 5. Qa4+ Nc6 6. e3 O-O 7. Bd2 dxc4 8.
Bxc4 Bd6 9. Qc2 e5 10. dxe5 Nxe5 11. Nxe5 Bxe5 12. f4 Bxc3 13. Bxc3 Ng4 14. Bd4
c5 15. Bxc5 Re8 16. O-O Nxe3 17. Bxe3 Rxe3 18. Qf2 Qb6 19. Rfe1 Rxe1+ 20. Rxe1
Qxf2+ 21. Kxf2 Kf8 22. Ke3 Bd7 23. Kd4 Rd8 24. Kc3 Bc6 25. g3 b6 26. b4 Rd6 27.
Bd3 h6 28. a3 Bd7 29. Re5 Rc6+ 30. Kd2 Rd6 31. Kc3 Rc6+ 32. Kd2 Rd6 33. Kc3 1/2-1/2

[Event "TCh-RUS Women 2020"]
[Site "Sochi RUS"]
[Date "2020.11.25"]
[Round "6.2"]
[Board "3"]
[White "Badelka, Olga"]
[Black "Sudakova, Irina"]
[Result "1/2-1/2"]
[WhiteTitle "IM"]
[BlackTitle "WGM"]
[WhiteElo "2427"]
[BlackElo "2288"]
[WhiteTeam "Yugra (KhMAO-Yugra)"]
[BlackTeam "Moskovskaya oblast"]
[WhiteFideId "13509926"]
[BlackFideId "4129903"]
[EventDate "2020.11.19"]

1. d4 d5 2. c4 e6 3. Nc3 c6 4. e4 Bb4 5. cxd5 exd5 6. e5 Ne7 7. Nf3 h6 8. Bd3 c5
9. a3 cxd4 10. axb4 dxc3 11. bxc3 Qc7 12. O-O Bg4 13. h3 Bh5 14. Qa4+ Nd7 15.
Bf4 O-O 16. Rfe1 Bxf3 17. gxf3 Ng6 18. Bg3 Ngxe5 19. Bf5 f6 20. Kh1 Nb6 21. Qb3
Nbc4 22. Qd1 Qc6 23. f4 Nf7 24. Qg4 Ncd6 25. b5 Qxb5 26. Be6 Rae8 27. Bh4 f5 28.
Qg6 Rxe6 29. Rxe6 Nh8 30. Qg2 Ne4 31. f3 Nxc3 32. Rg1 Rf7 33. Re7 Rxe7 34. Bxe7
g6 35. Bf6 Ne2 36. Re1 Nxf4 37. Qc2 Qc6 38. Qxc6 bxc6 39. Re7 g5 40. Rg7+ Kf8
41. Rc7 Nhg6 42. Kh2 Ne6 43. Rxc6 Kf7 44. Bb2 d4 45. Ra6 Ne5 46. Rxa7+ Kf6 47.
Kg3 h5 48. Ra4 h4+ 49. Kg2 Nf4+ 50. Kf1 Nxf3 51. Kf2 g4 52. hxg4 fxg4 53. Bxd4+
Kf5 54. Be3 Nd3+ 55. Ke2 Nfe5 56. Bd4 h3 57. Bxe5 Nxe5 58. Kf2 h2 59. Kg2 Nf3
60. Rxg4 Kxg4 1/2-1/2